000 00372nam a2200145 a 4500
005 20140412111334.0
008 041026s19uu xx 00 eng d
050 _aER
_bGr75 1997
100 _aSisnett, Ana
245 _aGrannie jus' come! /
_cAna Sisnett.
260 _bChildren's book.
300 _a1 v. (unp.) ; ill.
650 _aChildren stories
999 _c105004
_d105004